| 000 | 00519nam a2200169 i 4500 | ||
|---|---|---|---|
| 001 | 78307 | ||
| 003 | ES-MaACL | ||
| 005 | 20230906173641.0 | ||
| 007 | t| | ||
| 008 | 041013s1935 xxk ||||1| eng d | ||
| 100 | 1 |
_aHaskell, Arnold L. _962034 |
|
| 245 | 1 | 0 |
_aDiaghileff his artistic and private life / _cby Arnold Haskell ; in collaboration with Walter Nouvel. |
| 260 |
_aLondon : _bVictor Gollancz, _c1935. |
||
| 300 |
_a382 p., 24 lám- ; _c22 cm. |
||
| 700 | 1 |
_aNouvel, Walter. _986044 |
|
| 852 |
_aES-MaACL _jA-3984 |
||
| 999 |
_c78307 _d78307 |
||